| 000 | 01139nam0a2200313 i 4500 | ||
|---|---|---|---|
| 001 | RU\NLR\BIBL_A\011150404 | ||
| 005 | 20240921130709.0 | ||
| 010 | _a9785995124542 | ||
| 021 |
_aRU _b2016-44368 _92843 |
||
| 035 | _a(NILC)RuMoRGB-008503402 | ||
| 035 | _a(NLR Aleph) 011150404 | ||
| 090 |
_a11669763 _c11669763 |
||
| 100 | _a20160610d2016 um y0rusy50 ca | ||
| 101 | 0 | _arus | |
| 102 | _aRU | ||
| 105 | _aa|||z|||000zy | ||
| 200 | 1 |
_aРодная природа _eстихи, рассказы, сказки, загадки, народные приметы _f[сост. Е. Позина] |
|
| 210 |
_aМосква _cСтрекоза _dcop. 2016 |
||
| 215 |
_a318, [1] с. _cил. _d22 |
||
| 225 | 1 |
_aПолная библиотека внеклассного чтения _iНачальная школа _e1-4 классы |
|
| 686 | 0 | _aШ9(2)60=Ря43 | |
| 702 | 1 |
_4070 _aПозина _bЕ. Е. _f1943- _gЕвгения Егоровна _9135241 _3RU\NLR\AUTH\770135276 |
|
| 801 | 0 |
_aRU _bРГБ _c20160530 _gRCR |
|
| 942 | _cBOOK | ||
| 980 | _aNBR | ||